00815nam a2200241Ia 4500001000700000008004100007020001800048082002000066100002200086245010800108250001100216260003000227300001600257500007800273503002100351504003700372650002000409650001300429650002700442650001900469650002400488700006100512Z_4278220601s9999 xx 000 0 und d a968-25-0146-6 a574.87 N68 1978 aNavikoff, Alex B. aEstructura y dinámica celular / Alex B. Navikoff y Eric Holtzman; traducción Roberto Espinoza Zarza a2a ed. aMéxico : Interamericana axiv, 380 p. aTraducción de la obra en inglés: Cells and organelles, 2a ed. de 1976 aej.1 - ej.3: s/n aIncuye bibliografía e índice a1. Citología  aCelulas  aEstructuras celulares  aCitoquímica  aBiología celular  aHoltzman, Eric, coaut. \ Espinoza Zarza, Roberto, tr.Ì